| 000 | 00621nam a22001937a 4500 | ||
|---|---|---|---|
| 999 |
_c180530 _d180530 |
||
| 005 | 20210811112627.0 | ||
| 010 | _aENG-129724 | ||
| 020 |
_c895.00 _a978-01-99487-35-6 |
||
| 035 | _aEN-113256 | ||
| 037 | _bDBAD/PUB | ||
| 082 | _a791.430954 | ||
| 100 | _aMaheswari,Uma | ||
| 245 |
_aDeities & Devotees: _bCinema,Religion,and Politics in South India/ _cUma Maheswari Bhrugubanda |
||
| 250 | _a2018 | ||
| 260 |
_bOxford University press _c2018 _aNew Delhi |
||
| 270 |
_a2/11 Ground floor,Ansari Road,Daryaganj _bNew Delhi _e110002 |
||
| 300 |
_a246p. _c28cm (hbk) |
||
| 942 |
_2ddc _cEN _h791.430954 _kBHR |
||